000 00334nam a2200121Ia 4500
008 240624s9999 xx 000 0 und d
041 _aeng
082 _a658.5 COL
100 _aCOLLIER DAVID A
245 _aOPERATIONS MANAGEMENT A SOUTH ASIAN PERS
260 _c2016
_aNew Delhi
_bCengage Learning
300 _ax, , 521 , 27 : p. : cm.
999 _c28821
_d28821